000
00321nam a2200109Ia 4500
008
200302s9999 xx 000 0 und d
100
_a
Terry Kirk
245
_a
The Architecture Of Modern Italy -- Vol 1 ( the Challenge Of Tradition 1750 -1900)
260
_b
Princeton Architectural Press
260
_c
2005
300
_a
280 P
999
_c
4887
_d
4887